1804 1139 1383 1653 1679 1753 1045 1857 1579 1854 1201 1008 1219 1732 1886 1102 1934 1699 1057 1553 1266 1868 1261 1941 1776 1471 1188 1392 1177 1355 1986 1751 1698 1235 1801 1492 1093 1379 1085 1196 1112 1837 1146 1708 1353 1385 1519 1258 1586 1974 1282 1455 1827 1731 1152 1772 1594 1565 1838 1063 1336 1529 1585 1073 1280 1559 1512 1939 1847 1249 1597 1263 1629 1932 1101 1657 1444 1293 1973 1200 1412 1816 1772 1262 1424 1618 1533 1212 1710 1629 1138 1249 1471 1611 1909 1696 1570 1245 1266 BCNSPRNW ULIB Ver.6.0+V

เปลี่ยนเป็นภาษาไทย

Change to English
 แสดงรายละเอียดบรรณานุกรม
  กลับหน้าหลัก

Brief Record : Get Marc (ISO 2709) : E-mail record : QR code < ปิดหน้าต่าง
LEADER : 00000nam 2200000uu 4500
001    13399114567
003     ULIB
008    120418s2551||||th 000 0 tha d
020    ^a9789743773631
090    ^aนว.^bs111ว 2551
100 0  ^asnowball
245 00 ^aวุ่นรักสายลับสาว/^csnowball
250    ^aพิมพ์ครั้งที่ 1
260    ^aกรุงเทพฯ :^bz-gire^c2551
300    ^a328 หน้า
710 1  ^az-gire
945    ^p230^l0^i15776
995    ^aกัณชพร
999    ^aใช้งานได้ทุกระบบ
รายการนี้ยังไม่มีแท็ก
คุณยังไม่ได้ล็อกอิน คุณสามารถมีกิจกรรมร่วมกับเว็บไซต์ได้ แต่ต้องล็อกอินก่อน ::
  ล็อกอิน

รายการสื่อสารสนเทศ

ลำดับที่ ประเภท เลขเรียก/บาร์โค้ด สถานที่ สถานะ
1. นวนิยาย
นวนิยาย
นว. s111ว 2551  
  Barcode: 15776
ห้องสมุดวิทยาเขตสวรรค์ประชารักษ์
►นวนิยาย
บนชั้น
  ขอยืม

BibComment


ยังไม่เคยถูกคอมเมนท์

คอมเมนท์ทรัพยากรรายการนี้
  คอมเมนท์: วุ่นรักสายลับสาว..


 Copyright 2026. Bcnsprnw @Library